Capabilities to Prevent Extremism in the Slovak Republic
Inštitucionálny rámec a legislatíva ľudských práv v Slovenskej republike. Príslušnosť agendy menšín, rasizmu, xenofóbie a iných prejavov intolerancie. Ohrozené komunity a ich perspektíva. Sociálni aktéri a ich perspektíva, vplyv alternatívnych médií.
Gespeichert in:
| 1. Verfasser: | |
|---|---|
| Format: | Buchkapitel |
| Sprache: | Englisch |
| Schlagworte: | |
| Tags: |
Keine Tags, Fügen Sie das erste Tag hinzu!
|
MARC
| LEADER | 00000naa$a2200000$$$4500 | ||
|---|---|---|---|
| 001 | 0236460 | ||
| 005 | 20240502083631.2 | ||
| 041 | 0 | |a eng | |
| 044 | |a HU | ||
| 245 | 1 | 0 | |a Capabilities to Prevent Extremism in the Slovak Republic |c Samuel Goda |
| 520 | |a Inštitucionálny rámec a legislatíva ľudských práv v Slovenskej republike. Príslušnosť agendy menšín, rasizmu, xenofóbie a iných prejavov intolerancie. Ohrozené komunity a ich perspektíva. Sociálni aktéri a ich perspektíva, vplyv alternatívnych médií. | ||
| 610 | 2 | 0 | |a prevencia |
| 610 | 2 | 0 | |a extrémizmus |
| 610 | 2 | 0 | |a práva ľudské |
| 610 | 2 | 0 | |a rasizmus |
| 610 | 2 | 0 | |a menšiny národnostné |
| 610 | 2 | 0 | |a diskriminácia |
| 610 | 2 | 0 | |a legislatíva |
| 610 | 2 | 0 | |a médiá |
| 610 | 2 | 0 | |a Slovensko |
| 100 | 1 | |a Goda, Samuel | |